000
00317nam a22001337a 4500
008
170228b xxu||||| |||| 00| 0 eng d
020
_a
9780801879098
041
_a
eng
080
_2
3RD
_a
616.8-006
100
_a
6
101
_a
SHM
245
_a
SUPPORTIVE CARE OFCHILDREN WITH CANCER
_c
ALTMAN, A.J
942
_2
udc
_c
BK
999
_c
6407
_d
6407